• AIU
  • Tony Wilmot Memorial Library

The Chicago manual of style : (Record no. 55442)

MARC details
000 -LEADER
fixed length control field 01011cam a2200313 a 4500
001 - CONTROL NUMBER
control field 4695844
003 - CONTROL NUMBER IDENTIFIER
control field OSt
005 - DATE AND TIME OF LATEST TRANSACTION
control field 20180730090527.0
008 - FIXED-LENGTH DATA ELEMENTS--GENERAL INFORMATION
fixed length control field 820211s1982 ilua bf s001 0 eng
010 ## - LIBRARY OF CONGRESS CONTROL NUMBER
LC control number 82002832
020 ## - INTERNATIONAL STANDARD BOOK NUMBER
International Standard Book Number 0226103900
040 ## - CATALOGING SOURCE
Original cataloging agency DLC
Transcribing agency DLC
Modifying agency DLC
043 ## - GEOGRAPHIC AREA CODE
Geographic area code n-us---
050 00 - LIBRARY OF CONGRESS CALL NUMBER
Classification number Z253
Item number .U69 1982
082 00 - DEWEY DECIMAL CLASSIFICATION NUMBER
Classification number 808/.02
Edition number 19
110 2# - MAIN ENTRY--CORPORATE NAME
Corporate name or jurisdiction name as entry element University of Chicago.
Subordinate unit Press.
9 (RLIN) 18868
245 14 - TITLE STATEMENT
Title The Chicago manual of style :
Remainder of title for authors, editors, and copywriters.
250 ## - EDITION STATEMENT
Edition statement 13th ed., rev. and exp.
260 ## - PUBLICATION, DISTRIBUTION, ETC. (IMPRINT)
Place of publication, distribution, etc Chicago :
Name of publisher, distributor, etc University of Chicago Press,
Date of publication, distribution, etc 1982.
300 ## - PHYSICAL DESCRIPTION
Extent ix, 738 p. :
Other physical details ill. ;
Dimensions 24 cm.
500 ## - GENERAL NOTE
General note Rev. ed. of: A manual of style. 12th ed., rev. c1969.
500 ## - GENERAL NOTE
General note Includes index.
504 ## - BIBLIOGRAPHY, ETC. NOTE
Bibliography, etc Bibliography: p. 685-694.
650 #0 - SUBJECT ADDED ENTRY--TOPICAL TERM
Topical term or geographic name as entry element Printing
Form subdivision Style manuals.
9 (RLIN) 18869
650 #0 - SUBJECT ADDED ENTRY--TOPICAL TERM
Topical term or geographic name as entry element Authorship
Form subdivision Style manuals.
9 (RLIN) 18870
650 #0 - SUBJECT ADDED ENTRY--TOPICAL TERM
Topical term or geographic name as entry element Editing
Form subdivision Handbooks, manuals, etc.
9 (RLIN) 18871
906 ## - LOCAL DATA ELEMENT F, LDF (RLIN)
a 7
b cbc
c orignew
d 1
e ocip
f 19
g y-gencatlg
942 ## - ADDED ENTRY ELEMENTS (KOHA)
Source of classification or shelving scheme Library of Congress Classification
Koha item type Books
Holdings
Withdrawn status Lost status Source of classification or shelving scheme Damaged status Not for loan Collection code Home library Current library Shelving location Date acquired Source of acquisition Cost, normal purchase price Total Checkouts Full call number Barcode Date last seen Copy number Price effective from Koha item type
    Library of Congress Classification     Reference AIU/NEGST - Tony Wilmot Memorial Library AIU/NEGST - Tony Wilmot Memorial Library Reference 11/06/2012 Donation 40.00   REF Z 253 .U69 1982 R58857J3232 09/26/2019 1 11/06/2012 Reference